Statistiche per Stati sopra o sotto il Tropico del Cancro? - Quiz n°8

Clicka qui per fare il quiz!

Statistiche generali

  • Questo quiz è stato fatto 7 volte
  • Il punteggio medio è 8 su 10

Statistiche sulle risposte

HintRisposta% Corretto
TagikistanNord del Tropico del Cancro
100%
IsraeleNord del Tropico del Cancro
100%
GeorgiaNord del Tropico del Cancro
86%
Stato federati di MicronesiaSud del Tropico del Cancro
86%
YemenSud del Tropico del Cancro
86%
MaldiveSud del Tropico del Cancro
86%
GhanaSud del Tropico del Cancro
86%
TogoSud del Tropico del Cancro
86%
Sri LankaSud del Tropico del Cancro
71%
LaosSud del Tropico del Cancro
29%

Distribuzione punteggi

Percentile per numero di risposta

Percentuale di utenti per punteggio

I tuoi punteggi nel tempo

Non hai fatto questo quiz